000 00768nam a2200229 a 4500
001 000015041
005 20240704130351.0
008 100129s2002 dr 001 p spa d
020 _a0971937508
040 _aDO-SdBNP
_bspa
_cBNPHU
082 _aRD861.44
_bM336a
100 1 _aMatos, Juan,
_d1955-
_975613
245 1 0 _aAzúcar, cayo y puerto /
_cJuan Matos.
260 _aMassachusetts :
_bDunn company,
_c2002.
300 _a49 p. :
_bil. ;
_c21 cm.
500 _aIncluye datos biográficos del autor en la solapa de la cubierta
590 _aLa biblioteca posee 1 ejemplar autografiado por el autor
590 _aInventariado, 2018/LP
650 0 _aPoesía dominicana
_966
650 0 _aLiteratura dominicana.
_967
910 _aValidado. Control de calidad MFF
999 _c14614
_d14614